Poznámky k niektorým kontextom multikulturality
Charakteristika multikulturalizmu. Historický pohľad na multikulturalizmus. Prístupy k multikultúrnej situácii. Stúpenci normatívneho multikulturalizmu. Kritika multikulturalizmu.
Salvato in:
| Autore principale: | |
|---|---|
| Natura: | Capitolo di libro |
| Lingua: | slovacco |
| Soggetti: | |
| Tags: |
Nessun Tag, puoi essere il primo ad aggiungerne!!
|
MARC
| LEADER | 00000naa$a2200000$$$4500 | ||
|---|---|---|---|
| 001 | 0091382 | ||
| 005 | 20240502072023.4 | ||
| 041 | 0 | |a slo | |
| 044 | |a SK | ||
| 245 | 1 | 0 | |a Poznámky k niektorým kontextom multikulturality |c Milan Márton |
| 520 | |a Charakteristika multikulturalizmu. Historický pohľad na multikulturalizmus. Prístupy k multikultúrnej situácii. Stúpenci normatívneho multikulturalizmu. Kritika multikulturalizmu. | ||
| 610 | 2 | 0 | |a veda |
| 610 | 2 | 0 | |a kultúra |
| 610 | 2 | 0 | |a politika |
| 610 | 2 | 0 | |a práva ľudské |
| 610 | 2 | 0 | |a náboženstvo |
| 100 | 1 | |a Márton, Milan | |